Tục ngữ Việt Nam Song ngữ Anh - Việt
Guardado en:
| Autor principal: | |
|---|---|
| Formato: | Libro |
| Lenguaje: | Undetermined |
| Publicado: |
H.
VHTT
2001
|
| Materias: | |
| Etiquetas: |
Agregar Etiqueta
Sin Etiquetas, Sea el primero en etiquetar este registro!
|
| Thư viện lưu trữ: | Trung tâm Học liệu Trường Đại học Cần Thơ |
|---|
| LEADER | 00525nam a2200193Ia 4500 | ||
|---|---|---|---|
| 001 | CTU_51930 | ||
| 008 | 210402s9999 xx 000 0 und d | ||
| 020 | |b 45000 | ||
| 082 | |a 398.9 | ||
| 082 | |b B312 | ||
| 100 | |a Phạm Văn Bình | ||
| 245 | 0 | |a Tục ngữ Việt Nam | |
| 245 | 0 | |b Song ngữ Anh - Việt | |
| 245 | 0 | |c Phạm Văn Bình | |
| 260 | |a H. | ||
| 260 | |b VHTT | ||
| 260 | |c 2001 | ||
| 650 | |a vietnamese language - terms and phrases | ||
| 980 | |a Trung tâm Học liệu Trường Đại học Cần Thơ | ||